Degrés bière - Statistiques

Statistiques générales
  • Ce quiz a été pris 124 fois
  • Le résultat moyen est 23 sur 30
Statistiques - réponses
Indice Réponse % Correct
Heineken 5
98%
Budweiser 5
98%
TIger 5
98%
Skoll 6
98%
1664 (Blanche) 5
98%
Slash Mango 8
97%
Chouffe 8
97%
Leffe (rituel) 9
90%
Démon 12
83%
corona 4,5
80%
1664 5,5
79%
Brew dog (The end of History) 55
79%
Goudale 7,2
77%
LEFFE(blonde) 6,6
74%
Leffe ambrée 6,6
74%
Kronembourg 4,2
73%
Karlsquell 4,2
73%
Rince Cochon 8,5
73%
Guiness 4,2
73%
Superbock 5,2
70%
Pelforth 5,8
69%
Pelican 5,8
69%
Grimbergen 6,7
68%
Mega démon 16
67%
Tsingtao 4,7
67%
Bintang 4,7
67%
8,6 Extreme 10,5
64%
Desperados 5,9
63%
affligem ( blonde ) 6,8
63%
Amsterdam Maximator 11,6
61%
Aucun quiz correspondant
Distribution des résultats
% des personnes avec chaque résultat
Percentile par nombre de réponses
Votre historique - résultats
Vous n’avez pas pris ce quiz